LEADER 01705nas a2200337 a 4500 001 000000113611 003 CaOOAMICUS 005 20081024135747.0 008 081022d19661995vc tr p 0 0fre r 040 $aPUL$bita$dLaci 245 00$aBulletin /$cSecretariatus pro non Christianis. 260 $aCittà del Vaticano :$bTypis Polyglottis Vaticanis,$c1966- 300 $a23 v. ;$c24 cm. 310 $aQuadrimestrale 362 0 $aIére année, N.1 (Mai . 1966)-n.91 (1995). 500 $aNel 1989 l'ente responsabile della pubblicazione cambia nome in "Pontificium Consilium pro Dialogo inter Religiones" 580 $aContinuata da Pro dialogo 650 4$aCristianesimo e altre religioni$vPeriodici.$0(OLS)http://pul/subject/29729 710 2 $aPontificio Consiglio per il dialogo interreligioso.$0(OLS)http://pul/name/15634 710 2 $aSecretariatus pro non Christianis.$0(OLS)http://pul/name/20021 785 00$tPro dialogo.$dCittà del Vaticano : Pontificium Consilium pro Dialogo inter Religiones, 1996-$w()113643 850 $aPUL 852 $aPUL$W1$xSL Riviste Correnti$y14$mDP1371.D/SL291.05Riv.1$j129814$aV.1 (1966)-n.90 (1995).$qPeriodici$B128876$CPULBib$Z2$F128876 $82 910 $aPontificio Consiglio per il dialogo interreligioso$920021 910 $aPontificio Consiglio per il dialogo interreligioso$920021 910 $aSecretariatus pro non Christianis$915634 910 $aSecretariatus pro non Christianis$915634 910 $aPontificium Consilium pro Dialogo inter Religiones.$915634 941 1 $a5 996 $6245$aBulletin$9(OLS)http://pul/title/142753 996 $6260$aCittà del Vaticano :$bTypis Polyglottis Vaticanis$9(OLS)http://pul/publisher/49190 LEADER 01336cam a2200325 a 4500 001 000000126005 003 CaOOAMICUS 005 20110713155059.0 008 110713s2011 it 0000u ita r 020 $a978-88-598-0622-6 040 $aPUL$bita 082 04$a347.45 100 1 $aVillecco, Alessandra.$0(OLS)http://pul/name/66081 245 13$aIl processo civile telematico /$cAlessandra Villecco. 260 $aTorino :$bUTET Giuridica,$c©2011. 300 $aXVII, 286, 16 p. ;$c25 cm. 490 1 $aModelli e tecniche dei processi civili 500 $aInclude indice. 500 $aInclude un aggiornamento del 21 febbraio 2011. 504 $aBibliografia in nota. 650 4$aProcesso civile$xAutomazione.$0(OLS)http://pul/subject/38164 830 0$aModelli e tecniche dei processi civili.$0(OLS)http://pul/title/154812 850 $aPUL 852 $aPUL$W1$xSL Diritto e Scienze Sociali 3$y79$m347. 45 VILAL 1$j145187$qDDC 21$q $B144185$CPULBib$Z2$F144185 $H117698 $81 941 1 $a9 996 $6020$a978-88-598-0622-6$9(OLS)http://pul/number/147757 996 $6082$a347.45$9(OLS)http://pul/classification/384 996 $6245$aIl processo civile telematico$9(OLS)http://pul/title/159062 996 $6260$aTorino :$bUTET Giuridica$9(OLS)http://pul/publisher/79191